Madhya Pradesh district gazetteers: Datia (Record no. 487059)

000 -LEADER
fixed length control field 00340cam a22001097a 4500
008 - FIXED-LENGTH DATA ELEMENTS--GENERAL INFORMATION
fixed length control field 180718b1977 xxu||||| |||| 00| 0 eng d
082 ## - DEWEY DECIMAL CLASSIFICATION NUMBER
Classification number A75 M264DA
245 ## - TITLE STATEMENT
Title Madhya Pradesh district gazetteers: Datia
Statement of responsibility, etc. edited by P.N. Shrivastava
260 ## - PUBLICATION, DISTRIBUTION, ETC.
Place of publication, distribution, etc. Bhopal
Name of publisher, distributor, etc. District Gazetteers Department
Date of publication, distribution, etc. 1977
300 ## - PHYSICAL DESCRIPTION
Extent 367+p.
700 ## - ADDED ENTRY--PERSONAL NAME
Personal name Shrivastava, P.N.
Holdings
Withdrawn status Lost status Damaged status Not for loan Permanent Location Current Location Date acquired Full call number Barcode Date last seen Price effective from Koha item type
        Indian Institute of Public Administration Indian Institute of Public Administration 2018-08-04 A75 M264DA G14578 2018-08-04 2018-08-04 G

Powered by Koha